| 000 | 00581nam a22001697a 4500 | ||
|---|---|---|---|
| 003 | NUST | ||
| 038 | _aNusrat Nadeem | ||
| 082 | _a200 | ||
| 100 |
_aSabah Noor us _9125117 |
||
| 245 |
_aEnhancing Cotton Crop Mapping in Pakistan: Integrating Transfer and Active Learning with Remote Sensing Technologies/ _cNoor us Sabah |
||
| 264 |
_aIslamabad; _bSEECS NUST; _c2024. |
||
| 300 |
_a70,p; _bill; _c30,cm. |
||
| 650 |
_aMS-Data Science _9123017 |
||
| 700 |
_aSupervisor: Dr Zuhair Zafar _9118394 |
||
| 856 | _uhttp://10.250.8.41:8080/xmlui/handle/123456789/45375 | ||
| 942 |
_2ddc _cSC |
||
| 999 |
_c610886 _d610886 |
||